Loading...
Painting & Sculpture | 0 | 9 | 0 | 2 | 90 | 80 | 119.33 | 1 | 1 |
Philosophy | 0 | 9 | 3 | 1 | 75 | 41 | 80.89 | 4 | 7 |
Social Science | 0 | 5 | 0 | 2 | 50 | 122 | 127.60 | 0 | 0 |
Any History | 0 | 4 | 0 | 2 | 40 | 81 | 121.00 | 0 | 0 |
Other Academic | 0 | 4 | 1 | 2 | 35 | 94 | 118.50 | 0 | 0 |
Literature - World Literature | 0 | 2 | 0 | 0 | 20 | 100 | 104.00 | 0 | 1 |
Fine Arts - Other Fine Arts | 0 | 3 | 2 | 2 | 20 | 103 | 127.67 | 0 | 0 |
Literature - American Literature | 0 | 2 | 0 | 1 | 20 | 120 | 136.00 | 0 | 0 |
Mythology | 0 | 2 | 1 | 0 | 15 | 97 | 110.50 | 0 | 1 |
History - American History | 0 | 2 | 2 | 1 | 10 | 125 | 130.50 | 0 | 0 |
Science - Physics | 0 | 1 | 0 | 0 | 10 | 109 | 109.00 | 0 | 0 |
Literature - British Literature | 0 | 2 | 2 | 0 | 10 | 70 | 94.50 | 0 | 1 |
History - World History | 0 | 2 | 2 | 1 | 10 | 102 | 119.50 | 0 | 0 |
Current Events | 0 | 1 | 1 | 0 | 5 | 135 | 135.00 | 0 | 0 |
Literature - European Literature | 0 | 1 | 1 | 1 | 5 | 145 | 145.00 | 0 | 0 |
History - European History | 0 | 1 | 1 | 0 | 5 | 106 | 106.00 | 0 | 0 |
Science - Chemistry | 0 | 0 | 0 | 0 | 0 | 0.00 | 0 | 0 | |
Science - Other Science | 0 | 0 | 1 | 0 | -5 | 0.00 | 0 | 0 |